Catálogo Biblioteca Central

Les nouvelles élites (Registro nro. 6788)

Detalles MARC
000 -CABECERA
campo de control de longitud fija 00674naa a2200217 i 4500
001 - NÚMERO DE CONTROL
campo de control 6788
003 - IDENTIFICADOR DEL NÚMERO DE CONTROL
campo de control ES-MaBCM
005 - FECHA Y HORA DE LA ÚLTIMA TRANSACCIÓN
campo de control 20241016091107.0
008 - CÓDIGOS DE INFORMACIÓN DE LONGITUD FIJA
campo de control de longitud fija 890816s1989 fra 000 0 fre d
021 ## -
-- xx
035 ## - NÚMERO DE CONTROL DEL SISTEMA
Número de control de sistema (OCoLC)1365264778
040 ## - FUENTE DE LA CATALOGACIÓN
Centro transcriptor ES-MaBCM
041 0# - CÓDIGO DE LENGUA
Código de lengua del texto/banda sonora o título independiente fre
043 ## - CÓDIGO DE ÁREA GEOGRÁFICA
Código de área geográfica fra
245 04 - MENCIÓN DE TÍTULO
Título Les nouvelles élites
520 ## - SUMARIO, ETC.
Sumario etc. Élite politica, administrativa, a nivel local, a nivel europeo ...; serie de artículos de M. Riglet, J.F. Kesler, G. Maman ...
650 #7 - PUNTO DE ACCESO ADICIONAL DE MATERIA--TÉRMINO DE MATERIA
Término de materia o nombre geográfico como elemento inicial Élite política
9 (RLIN) 58512
651 #4 - PUNTO DE ACCESO ADICIONAL DE MATERIA--NOMBRE GEOGRÁFICO
Nombre geográfico Francia
9 (RLIN) 115364
773 0# - ENLACE AL DOCUMENTO FUENTE
Encabezamiento principal En:
Título Revue politique et parlementaire
Lugar editor y fecha de publicación Paris : 1989
Número de control del registro relacionado 104657
Parte(s) relacionada(s) n 941, mayo-junio ; p. 6-74
942 ## - ELEMENTOS DE PUNTO DE ACCESO ADICIONAL (KOHA)
Tipo de ítem Koha Artículos de revistas
Existencias
Estado de retiro Estado de pérdida Estado dañado No para préstamo Localización permanente Ubicación/localización actual Fecha de adquisición Precio válido a partir de Tipo de ítem Koha
        Biblioteca Central del Ministerio de la Presidencia Biblioteca Central del Ministerio de la Presidencia 21/04/2012 21/04/2012 Artículos de revistas